00722cam a22002411 4500001001300000003000400013005001700017008004100034010001700075035001900092040005400111042001200165050002500177082001200202100002500214245003400239260002400273300003200297410005500329650004100384650003800425999001700463l 47000108 DLC20260227111540.0810320s1947 dcua f000 0 eng c al 47000108  a(OCoLC)7245730 aU.S. Dept. of Labor. LibrarycViBlbVdViBlbVdDLC apremarc00aHD6093b.A35 no. 212 a331.8231 aMohr, Jennie,d1901-10aIndustrial injuries to women. a[Washington,c1947] aiii, 20 p.btables.c24 cm.10aUnited States.bWomen's Bureau.tBulletinvno. 212 0aIndustrial accidentszUnited States. 0aWomenxEmploymentzUnited States. c36583d36583